Un invierno en Siberia / (Record no. 160330)

MARC details
000 -LEADER
campo de control de longitud fija 00972nam a2200253 i 4500
001 - NÚMERO DE CONTROL
campo de control 160330
003 - IDENTIFICADOR DE NÚMERO DE CONTROL
campo de control ES-MaACL
005 - FECHA Y HORA DE LA ÚLTIMA TRANSACCIÓN
campo de control 20250710063340.0
008 - DATOS DE LONGITUD FIJA--INFORMACIÓN GENERAL
campo de control de longitud fija 040922s1877 sp a |||| | spa d
040 ## - FUENTE DE CATALOGACIÓN
Centro catalogador/agencia de origen CAM
Lengua de catalogación spa
Centro/agencia transcriptor CAM
100 1# - ENTRADA PRINCIPAL--NOMBRE DE PERSONA
Nombre de persona Muller, Eugène,
Fechas asociadas al nombre 1823-1913
Término indicativo de función/relación Autor
9 (RLIN) 130277
245 13 - MENCIÓN DEL TÍTULO
Título Un invierno en Siberia /
Mención de responsabilidad, etc. por E. Muller ; versión española por M. Blanch.
260 ## - PUBLICACIÓN, DISTRIBUCIÓN, ETC.
Lugar de publicación, distribución, etc. Barcelona :
Nombre del editor, distribuidor, etc. Torcuato Tasso Serra,
Fecha de publicación, distribución, etc. 1877.
300 ## - DESCRIPCIÓN FÍSICA
Extensión 62, [2] p. :
Otras características físicas il. ;
Dimensiones 29 cm.
490 1# - MENCIÓN DE SERIE
Mención de serie Biblioteca de El Plus Ultra
505 8# - NOTA DE CONTENIDO CON FORMATO
Nota de contenido con formato Contiene también: Una hora de centinela / por Pablo Celières ; traducción de Luis Calvo, p. 55-62
700 1# - ENTRADA AGREGADA--NOMBRE PERSONAL
Nombre de persona Céliéres, Paul
9 (RLIN) 126410
Término indicativo de función/relación Autor
700 1# - ENTRADA AGREGADA--NOMBRE PERSONAL
Nombre de persona Blanch, M.
9 (RLIN) 126007
Término indicativo de función/relación Traductor
700 ## - ENTRADA AGREGADA--NOMBRE PERSONAL
Nombre de persona Calvo, Luis
Término indicativo de función/relación Traductor
9 (RLIN) 227326
830 0# - PUNTO DE ACCESO ADICIONAL DE SERIE-TÍTULO UNIFORME
Título uniforme Biblioteca de El Plus Ultra
9 (RLIN) 188080
852 ## - LOCALIZACIÓN
Ubicación ES-MaACL
Número de control de estantería Fol-Laf-34
Nota libre -- Rúst., falto de la cub. post.
-- -- Legado de M. de la Fuente
942 ## - ELEMENTOS DE ENTRADA SECUNDARIOS (KOHA)
Fuente del sistema de clasificación o colocación Clasificación decimal universal
Holdings
Estatus retirado Estado de pérdida Estado de daño No para préstamo Colección Biblioteca de origen Biblioteca actual Ubicación en estantería Fecha de adquisición Fuente de adquisición Total de préstamos Signatura topográfica completa Código de barras Visto por última vez Precio de reemplazo Tipo de ítem Koha
        Colección de folletos Biblioteca del Ateneo de Madrid Biblioteca del Ateneo de Madrid Depósito folletos 17/01/2008     Fol-Laf-34 1167877 23/02/2023 23/02/2023 Folleto